Na vrchole

Manažéri ako zdroj pokroku Slovenska. Formovanie podnikateľského sektora. Osobnosť vrcholového manažéra. Oblasti priamej zodpovednosti vrcholového manažéra. Úloha manažérov v iniciovaní zmien.

Gespeichert in:
Bibliographische Detailangaben
1. Verfasser: Chorváthová, Daniela
Format: Buchkapitel
Sprache:Slowakisch
Schlagworte:
Tags: Tag hinzufügen
Keine Tags, Fügen Sie das erste Tag hinzu!

MARC

LEADER 00000naa$a2200000$$$4500
001 0066983
005 20240502071811.9
041 0 |a slo 
044 |a SK 
245 1 0 |a Na vrchole  |c Daniela Chorváthová 
520 |a Manažéri ako zdroj pokroku Slovenska. Formovanie podnikateľského sektora. Osobnosť vrcholového manažéra. Oblasti priamej zodpovednosti vrcholového manažéra. Úloha manažérov v iniciovaní zmien. 
610 2 0 |a manažéri 
610 2 0 |a Slovensko 
610 2 0 |a riadenie ľudských zdrojov 
610 2 0 |a marketing 
610 2 0 |a podnik 
610 2 0 |a zamestnanci 
100 1 |a Chorváthová, Daniela